[Event "Saarland-ch Seniors 26th"]
[Site "Germany"]
[Date "2007.04.04"]
[Round "6"]
[White "Lang, Hermann"]
[Black "Yazdkhasti, Parvis"]
[Result "1-0"]
[WhiteElo "1762"]
[BlackElo "1555"]
[PlyCount "129"]
[EventDate "2007.03.30"]
[EventType "swiss"]
[EventRounds "9"]
[EventCountry "GER"]
[SourceTitle "EXT 2008"]
[Source "ChessBase"]
[SourceDate "2007.11.25"]
[SourceVersion "1"]
[SourceVersionDate "2007.11.25"]
[SourceQuality "1"]

1. c4 Nf6 2. Nf3 g6 3. g3 Bg7 4. Bg2 0-0 5. 0-0 d6 6. Nc3 c6 7. d3 d5 8. c5 Bf5 9. Nd4 Qc8 10. e4 dxe4 11. dxe4 Bh3 12. Qe2 Rd8 13. Be3 Na6 14. Nb3 Nc7 15. Rad1 Bxg2 16. Kxg2 Qe6 17. Nd4 Qc8 18. h3 Nd7 19. Nb3 Bxc3 20. bxc3 Nb5 21. Qc2 Ne5 22. c4 Na3 23. Qc3 f6 24. Nd2 Qe6 25. Qxa3 Nxc4 26. Nxc4 Qxe4+ 27. Kg1 Qxc4 28. Qb3 Qxb3 29. axb3 Rd5 30. Rxd5 cxd5 31. Rd1 e6 32. Rd4 Rc8 33. Ra4 a6 34. Rb4 Rc7 35. Rb6 Kf7 36. b4 e5 37. Kf1 g5 38. g4 Kg6 39. f3 d4 40. Bd2 h6 41. Ke2 Rh7 42. Kd3 h5 43. Ke4 h4 44. c6 bxc6 45. Rxc6 Ra7 46. Rc5 Rb7 47. Ra5 Rb6 48. Rc5 Re6 49. Kd5 Rb6 50. Rc6 Rxc6 51. Kxc6 f5 52. Kd5 Kf6 53. Kd6 fxg4 54. fxg4 e4 55. Kd5 e3 56. Bc1 e2 57. Bd2 d3 58. Kd4 Ke6 59. Kxd3 Ke5 60. Kxe2 Kf6 61. Kf3 Kg6 62. Ke4 Kf6 63. Be3 Kg6 64. Bd4 Kh6 65. Kf5 1-0

[Event "Saarland-ch Seniors 26th"]
[Site "Germany"]
[Date "2007.04.02"]
[Round "4"]
[White "Yazdkhasti, Parvis"]
[Black "Ewen, Ewald"]
[Result "0-1"]
[WhiteElo "1555"]
[BlackElo "1370"]
[PlyCount "118"]
[EventDate "2007.03.30"]
[EventType "swiss"]
[EventRounds "9"]
[EventCountry "GER"]
[SourceTitle "EXT 2008"]
[Source "ChessBase"]
[SourceDate "2007.11.25"]
[SourceVersion "1"]
[SourceVersionDate "2007.11.25"]
[SourceQuality "1"]

1. Nf3 Nf6 2. d4 d5 3. Bf4 Nbd7 4. e3 e6 5. a3 Be7 6. Bd3 c5 7. b3 cxd4 8. exd4 0-0 9. 0-0 h6 10. Nc3 a6 11. h3 Nh5 12. Bh2 Nhf6 13. b4 Nb6 14. Qe2 Bd6 15. Ne5 Bxe5 16. dxe5 Ne8 17. Rad1 f5 18. f4 Nc7 19. a4 Bd7 20. Ra1 Be8 21. Rfd1 Qc8 22. Kh1 Nd7 23. Bg1 Bf7 24. b5 axb5 25. Nxb5 Nxb5 26. Bxb5 Be8 27. Rdc1 Nb8 28. c4 dxc4 29. Rxc4 Nc6 30. Rac1 Rf7 31. Bc5 Bd7 32. Bb6 Qe8 33. Qf3 Kh7 34. Qa3 Na7 35. Bxd7 Rxd7 36. Qb3 Nc6 37. Kh2 Qf7 38. Rd1 Na5 39. Bxa5 Rxa5 40. Rd6 Rd5 41. Rxd7 Qxd7 42. Rb4 Rd3 43. Rxb7 Rxb3 44. Rxd7 Rb4 45. Kg3 Rxa4 46. Rd6 Ra3+ 47. Kh2 Ra4 48. Kg3 Ra3+ 49. Kf2 Ra4 50. Ke3 Ra3+ 51. Rd3 Rxd3+ 52. Kxd3 Kg8 53. g4 g6 54. Kd4 Kf8 55. Kc5 Ke7 56. Kc6 fxg4 57. hxg4 h5 58. f5 exf5 59. gxf5 gxf5 0-1

[Event "Voelklingen ST-ch"]
[Site "Voelklingen"]
[Date "2003.04.14"]
[Round "3.6"]
[White "Schampel, Arno"]
[Black "Yazdkhasti, Parvis"]
[Result "1-0"]
[WhiteElo "1660"]
[BlackElo "1598"]
[PlyCount "81"]
[EventDate "2003.04.11"]
[EventType "swiss"]
[EventRounds "7"]
[EventCountry "GER"]
[SourceTitle "EXT 2004"]
[Source "ChessBase"]
[SourceDate "2003.11.25"]
[SourceVersion "1"]
[SourceVersionDate "2003.11.25"]
[SourceQuality "1"]

1. d4 d5 2. Nf3 g6 3. c4 c6 4. Nc3 Bg7 5. e3 Nf6 6. Bd3 Na6 7. cxd5 Nxd5 8. Nxd5 Qxd5 9. a3 Bg4 10. Be2 Nc7 11. 0-0 0-0-0 12. b4 f6 13. Bb2 Rhe8 14. Rc1 e5 15. h3 Bxf3 16. Bxf3 e4 17. Be2 b5 18. Rc5 Qd7 19. Qc2 Kb7 20. a4 Bf8 21. Rc3 Nd5 22. Rb3 Nxb4 23. Qd2 a5 24. axb5 cxb5 25. Rc1 Rc8 26. Bc3 Rc7 27. Ra1 Kb6 28. d5 f5 29. Bd4+ Bc5 30. Rxb4 axb4 31. Qxb4 Bxd4 32. Qa5+ Kc5 33. exd4+ Kxd4 34. Rd1+ Ke5 35. Qa1+ Kd6 36. Qf6+ Kc5 37. Rc1+ Kb4 38. Qd4+ Rc4 39. Rb1+ Ka5 40. Bxc4 bxc4 41. Qc5+ 1-0

[Event "GER Cup Amateur Seniors 2nd"]
[Site "Voelklingen"]
[Date "2001.??.??"]
[Round "5"]
[White "Oser, Thor"]
[Black "Yazdkhasti, Parvis"]
[Result "1/2-1/2"]
[WhiteElo "1657"]
[BlackElo "1720"]
[PlyCount "116"]
[EventDate "2001.??.??"]
[EventType "tourn"]
[EventRounds "9"]
[EventCountry "GER"]
[SourceTitle "EXT 2003"]
[Source "ChessBase"]
[SourceDate "2002.11.25"]
[SourceVersion "1"]
[SourceVersionDate "2002.11.25"]
[SourceQuality "1"]

1. e4 c5 2. Nf3 d6 3. h3 Nc6 4. c3 Nf6 5. Qc2 e5 6. Be2 a6 7. d3 b5 8. Be3 Bb7 9. 0-0 Qc7 10. Nbd2 Rc8 11. Nh4 Be7 12. Nf5 0-0 13. Nxe7+ Qxe7 14. Bg5 h6 15. Bh4 g5 16. Bg3 Rc7 17. Rfc1 Kh8 18. Nf1 Rg8 19. Ne3 Bc8 20. Qd1 Qf8 21. Bh2 Ne7 22. c4 b4 23. a3 a5 24. axb4 axb4 25. Ra8 Qg7 26. Rca1 Ng6 27. Nf5 Bxf5 28. Rxg8+ Kxg8 29. exf5 Nf4 30. Bxf4 gxf4 31. Bf3 Rc8 32. Qe2 Nh7 33. Bd5 Nf6 34. Be4 Kh8 35. Kh2 Rg8 36. Ra6 Rd8 37. Qf3 Qg5 38. Ra7 Kg7 39. Ra1 h5 40. g3 Rh8 41. gxf4 exf4 42. Rg1 Ng4+ 43. Kh1 Kf6 44. Rg2 Qh4 45. Qxf4 Qxh3+ 46. Kg1 Ke7 47. f3 Qh4 48. fxg4 hxg4 49. f6+ Kd7 50. Qxg4+ Qxg4 51. Rxg4 Ke6 52. Bd5+ Kxf6 53. Rf4+ Ke5 54. Rxf7 Rh6 55. Kg2 Kd4 56. Be4 Ke5 57. Rf5+ Kd4 58. Rf3 Ke5 1/2-1/2

[Event "GER Cup Amateur Seniors 2nd"]
[Site "Voelklingen"]
[Date "2001.??.??"]
[Round "7"]
[White "Wolf, Margot"]
[Black "Yazdkhasti, Parvis"]
[Result "0-1"]
[WhiteElo "1311"]
[BlackElo "1720"]
[PlyCount "68"]
[EventDate "2001.??.??"]
[EventType "tourn"]
[EventRounds "9"]
[EventCountry "GER"]
[SourceTitle "EXT 2003"]
[Source "ChessBase"]
[SourceDate "2002.11.25"]
[SourceVersion "1"]
[SourceVersionDate "2002.11.25"]
[SourceQuality "1"]

1. d4 f5 2. Nf3 d6 3. Bf4 Nc6 4. e3 e6 5. c3 Bd7 6. Bd3 Nf6 7. h3 h6 8. Nbd2 Qe7 9. Bh2 0-0-0 10. 0-0 g6 11. e4 e5 12. dxe5 dxe5 13. Re1 f4 14. g3 fxg3 15. fxg3 Bxh3 16. Kh1 Ng4 17. Bg1 Rxd3 18. Qe2 Rd7 19. Rad1 h5 20. Nf1 h4 21. Bh2 hxg3 22. Nxg3 Bh6 23. Rxd7 Kxd7 24. Qb5 Kc8 25. Kg1 Be3+ 26. Kh1 g5 27. Nf5 Nf2+ 28. Kg1 Bxf5 29. exf5 Ng4+ 30. Kh1 Nxh2 31. Nxh2 Bf4 32. Re2 Qh7 33. Qd5 Qxf5 34. Qf3 Qb1+ 0-1

[Event "GER Cup Amateur Seniors 2nd"]
[Site "Voelklingen"]
[Date "2001.??.??"]
[Round "1"]
[White "Yazdkhasti, Parvis"]
[Black "Turboust, Roger"]
[Result "0-1"]
[WhiteElo "1720"]
[BlackElo "1850"]
[PlyCount "166"]
[EventDate "2001.??.??"]
[EventType "tourn"]
[EventRounds "9"]
[EventCountry "GER"]
[SourceTitle "EXT 2003"]
[Source "ChessBase"]
[SourceDate "2002.11.25"]
[SourceVersion "1"]
[SourceVersionDate "2002.11.25"]
[SourceQuality "1"]

1. e4 e5 2. Nf3 Nc6 3. Bb5 d6 4. Nc3 Bd7 5. d3 Nf6 6. 0-0 Be7 7. Be3 0-0 8. h3 a6 9. Ba4 b5 10. Bb3 Na5 11. Nd2 Nxb3 12. Nxb3 c5 13. Nd2 Be6 14. b3 d5 15. exd5 Nxd5 16. Nxd5 Bxd5 17. c4 Bb7 18. Qc2 f5 19. f4 exf4 20. Bxf4 Qd4+ 21. Kh1 Rad8 22. Rad1 Qxd3 23. Qxd3 Rxd3 24. Nf3 bxc4 25. bxc4 Rfd8 26. Rde1 Bf6 27. Be5 Bh4 28. Nxh4 Rxh3+ 29. Kg1 Rxh4 30. Rxf5 Rg4 31. Rf2 Rxc4 32. Ref1 Rg4 33. Bc7 Rc8 34. Bd6 h6 35. g3 c4 36. Kh2 Rg5 37. Kh3 c3 38. Bf4 Rh5+ 39. Kg4 Rcc5 40. Be3 Bc8+ 41. Kf3 Rhf5+ 42. Ke2 Rxf2+ 43. Kxf2 Rf5+ 44. Ke2 Ra5 45. Ra1 Bf5 46. Bc1 Kf7 47. a3 Bc2 48. Be3 Be4 49. Rf1+ Kg6 50. Rf4 Bf5 51. Bc1 Re5+ 52. Be3 c2 53. Rc4 Rd5 54. Rc6+ Kh5 55. Rc3 Bg4+ 56. Kf2 Bd1 57. Rc4 Rf5+ 58. Ke1 g5 59. g4+ Bxg4 60. Rxc2 Ra5 61. Bc5 Rb5 62. Kf2 Rb3 63. Kg1 Rb1+ 64. Kf2 Bf5 65. Rc3 g4 66. Kg3 Rf1 67. Kg2 Rf4 68. Kg3 Re4 69. Be3 Be6 70. Rc5+ Kg6 71. Bf4 Ra4 72. Rc6 Rxa3+ 73. Kf2 Kf5 74. Bxh6 g3+ 75. Kg1 Bd5 76. Rc5 Ra1+ 77. Bc1 Ke5 78. Rc3 Kd4 79. Rc2 a5 80. Rc8 a4 81. Rc7 a3 82. Rc8 a2 83. Rc7 Rb1 0-1